LEADER 02295nam 2200577 a 450 001 9910790067903321 005 20200520144314.0 010 $a1-61728-480-7 035 $a(CKB)2670000000090500 035 $a(EBL)3020935 035 $a(SSID)ssj0000470344 035 $a(PQKBManifestationID)11312432 035 $a(PQKBTitleCode)TC0000470344 035 $a(PQKBWorkID)10411156 035 $a(PQKB)11213554 035 $a(MiAaPQ)EBC3020935 035 $a(Au-PeEL)EBL3020935 035 $a(CaPaEBR)ebr10681073 035 $a(OCoLC)923664583 035 $a(EXLCZ)992670000000090500 100 $a20100616d2010 uy 0 101 0 $aeng 135 $aur|n|---||||| 181 $ctxt 182 $cc 183 $acr 200 10$aInsulin resistance and nonalcoholic fatty liver disease (NAFLD)/nonalcoholic steatohepatitis (NASH)$b[electronic resource] /$fMasato Yoneda ... [et al.] 210 $aNew York $cNova Biomedical Books$dc2010 215 $a1 online resource (64 p.) 225 1 $aMetabolic diseases--laboratory and clinical research 225 1 $aNovinka 300 $aDescription based upon print version of record. 311 $a1-61668-927-7 320 $aIncludes bibliographical references and index. 327 $aNAFLD and insulin resistance (IR) -- Pathophysiology of NASH : insulin resistance, free fatty acids, and cytokines -- Adiponectin and NASH -- TNF-[alpha] and NAFLD/NASH -- Leptin and NAFLD/NASH -- Peroxisome proliferators-activated receptors (PPARs) and NAFLD/NASH -- Iron overload and NAFLD/NASH -- Mitochondrial abnormalities and NAFLD/NASH -- Genetic influences in NAFLD/NASH -- Therapeutic strategy for NASH patients -- Natural history of NAFLD -- Conclusions. 410 0$aMetabolic diseases--laboratory and clinical research series. 410 0$aNovinka (Series) 606 $aFatty liver 606 $aInsulin resistance 615 0$aFatty liver. 615 0$aInsulin resistance. 676 $a616.3/62 700 $aYoneda$b Masato$01486012 701 $aYoneda$b Masato$01486012 801 0$bMiAaPQ 801 1$bMiAaPQ 801 2$bMiAaPQ 906 $aBOOK 912 $a9910790067903321 996 $aInsulin resistance and nonalcoholic fatty liver disease (NAFLD)$93705365 997 $aUNINA LEADER 01177nam0 22003011i 450 001 UON00426123 005 20231205104847.955 010 $a04-16-34630-8 100 $a20130606d1986 |0itac50 ba 101 $aeng 102 $aGB 105 $a|||| ||||| 200 1 $aˆAn ‰introduction to language and society$fMartin Montgomery 210 $aLondon$aNew York$cMethuen$d1986. - XXII$d211 p. ; 22 cm. 316 $aDono Prof. Chambers I.$5IT-UONSI Ling34/0079 606 $aPSICOLINGUISTICA$xStudi$3UONC070906$2FI 606 $aSociolinguistica$3UONC005782$2FI 620 $aUS$dNew York$3UONL000050 620 $aGB$dLondon$3UONL003044 676 $a401.9$cPsicolinguistica$v21 700 1$aMONTGOMERY$bMartin$3UONV216639$0192550 712 $aMethuen$3UONV276676$4650 801 $aIT$bSOL$c20250613$gRICA 899 $aSIBA - SISTEMA BIBLIOTECARIO DI ATENEO$2UONSI 912 $aUON00426123 950 $aSIBA - SISTEMA BIBLIOTECARIO DI ATENEO$dSI 34 0079 $eSI 5730 5 0079 Dono Prof. Chambers I.$sBuono 996 $aIntroduction to language and society$9196712 997 $aUNIOR LEADER 01988oas 2200805 a 450 001 9910869897003321 005 20260127110532.0 011 $a1758-6577 035 $a(DE-599)ZDB2032092-9 035 $a(OCoLC)45281499 035 $a(CONSER) 00253508 035 $a(CKB)954921369610 035 $a(DE-599)2032092-9 035 $a(EXLCZ)99954921369610 100 $a20001103a19809999 sy a 101 0 $aeng 135 $aurcn#|||||||| 181 $ctxt$2rdacontent 182 $cc$2rdamedia 183 $acr$2rdacarrier 200 10$aInternational journal of manpower 210 $aBradford, England $cMCB University Press 300 $aRefereed/Peer-reviewed 311 08$a0143-7720 531 0 $aInt. j. manpow. 606 $aLabor economics$vPeriodicals 606 $aPersonnel management$vPeriodicals 606 $aLabor economics$2fast$3(OCoLC)fst00989943 606 $aPersonnel management$2fast$3(OCoLC)fst01058797 606 $aRecursos humans$2thub 608 $aPeriodicals.$2fast 608 $aRevistes electròniques.$2thub 615 0$aLabor economics 615 0$aPersonnel management 615 7$aLabor economics. 615 7$aPersonnel management. 615 7$aRecursos humans. 676 $a331 712 02$aMCB University Press 801 0$bWAU 801 1$bWAU 801 2$bTJC 801 2$bOCLCQ 801 2$bIUL 801 2$bOCLCQ 801 2$bF#A 801 2$bOCLCQ 801 2$bGUA 801 2$bOCLCQ 801 2$bVRC 801 2$bOCLCQ 801 2$bOCLCF 801 2$bOCLCO 801 2$bOCLCQ 801 2$bDLC 801 2$bOCLCQ 801 2$bILACE 801 2$bNLE 801 2$bUKMGB 801 2$bUUM 801 2$bOCLCQ 801 2$bIOY 801 2$bQGK 801 2$bSFB 801 2$bOCLCL 801 2$bOCLCQ 906 $aJOURNAL 912 $a9910869897003321 996 $aInternational journal of manpower$91759822 997 $aUNINA